000
00305nam a2200121 a 4500
005
20140414131921.0
008
101022s19uu xx 00 eng d
050
_a
ER
_b
B39 1989
100
_a
Scarry, Richard
245
_a
Bedtime stories.
260
_a
New York :
_b
Random House,
_c
1978.
999
_c
111761
_d
111761